Gender transformations
| Main Author: | |
|---|---|
| Format: | Print Book |
| Language: | English |
| Published: |
London [u.a.]
Routledge
1997
|
| In: | Year: 1997 |
| Edition: | 1. publ. |
| Online Access: |
Table of Contents Table of Contents Verlagsangaben (Publisher) |
| Availability in Tübingen: | Present in Tübingen. UB: KB 19 A 6312 |
| Check availability: | HBZ Gateway |
| Subito Delivery Service: | Order now. |
| Keywords: |
MARC
| LEADER | 00000cam a2200000 c 4500 | ||
|---|---|---|---|
| 001 | 218813945 | ||
| 003 | DE-627 | ||
| 005 | 20260206203652.0 | ||
| 007 | tu | ||
| 008 | 961119s1997 xxk||||| 00| ||eng c | ||
| 016 | 7 | |a 0415120802 |2 UK | |
| 020 | |a 0415120802 |9 0-415-12080-2 | ||
| 020 | |a 0415120810 |9 0-415-12081-0 | ||
| 035 | |a (DE-627)218813945 | ||
| 035 | |a (DE-603)060378859 | ||
| 035 | |a (DE-576)061781533 | ||
| 035 | |a (DE-599)GBV218813945 | ||
| 035 | |a (OCoLC)833215203 | ||
| 035 | |a (OCoLC)300136762 | ||
| 035 | |a (DE-604)8114639981 | ||
| 040 | |a DE-627 |b ger |c DE-627 |e rakwb | ||
| 041 | |a eng | ||
| 044 | |c XA-GB |c XD-US | ||
| 050 | 0 | |a HQ1206 | |
| 082 | 0 | |a 305.3 | |
| 082 | 0 | |a 305.42 |q LOC |2 21 | |
| 084 | |a MS 2800 |2 rvk |0 (DE-625)rvk/123644: | ||
| 084 | |a MS 3150 |2 rvk |0 (DE-625)rvk/123671: | ||
| 084 | |a NW 8100 |2 rvk |0 (DE-625)rvk/132305: | ||
| 084 | |a 71.31 |2 bkl | ||
| 084 | |a 83.14 |2 bkl | ||
| 100 | 1 | |a Walby, Sylvia |d 1953- |0 (DE-588)136739091 |0 (DE-627)585872538 |0 (DE-576)165907967 |4 aut | |
| 109 | |a Walby, Sylvia 1953- | ||
| 245 | 1 | 0 | |a Gender transformations |c Sylvia Walby |
| 250 | |a 1. publ. | ||
| 264 | 1 | |a London [u.a.] |b Routledge |c 1997 | |
| 300 | |a X, 245 S. |b graph. Darst. | ||
| 336 | |a Text |b txt |2 rdacontent | ||
| 337 | |a ohne Hilfsmittel zu benutzen |b n |2 rdamedia | ||
| 338 | |a Band |b nc |2 rdacarrier | ||
| 490 | 0 | |a International library of sociology | |
| 500 | |a Hier auch später erschienene, unveränderte Nachdrucke | ||
| 505 | 8 | |a Literaturverz. S. 216 - 235 | |
| 505 | 8 | |a Literaturverz. S. 216 - 235 | |
| 650 | 0 | |a Women |x Social conditions | |
| 650 | 0 | |a Women |x Economic conditions | |
| 650 | 0 | |a Women |x Employment | |
| 650 | 0 | |a Sex discrimination against women | |
| 650 | 0 | 7 | |0 (DE-588)4018202-2 |0 (DE-627)104270705 |0 (DE-576)208923209 |a Frau |2 gnd |
| 650 | 0 | 7 | |0 (DE-588)4012472-1 |0 (DE-627)106348310 |0 (DE-576)20889862X |a Diskriminierung |2 gnd |
| 650 | 0 | 7 | |0 (DE-588)4018210-1 |0 (DE-627)104540931 |0 (DE-576)208923241 |a Frauenarbeit |2 gnd |
| 650 | 0 | 7 | |0 (DE-588)4071776-8 |0 (DE-627)104509104 |0 (DE-576)209184876 |a Geschlechterrolle |2 gnd |
| 650 | 0 | 7 | |0 (DE-588)4077587-2 |0 (DE-627)106079697 |0 (DE-576)209205733 |a Sozialer Wandel |2 gnd |
| 650 | 4 | |a Women |x Social conditions | |
| 650 | 4 | |a Women |x Economic conditions | |
| 650 | 4 | |a Women |x Employment | |
| 689 | 0 | 0 | |d s |0 (DE-588)4244891-8 |0 (DE-627)104498927 |0 (DE-576)210466898 |a Frauenforschung |2 gnd |
| 689 | 0 | |5 (DE-627) | |
| 856 | 4 | 2 | |u http://www.gbv.de/dms/hbz/toc/ht007627569.pdf |m V:DE-605 |q pdf/application |v 2008-11-15 |x Verlag |y Inhaltsverzeichnis |3 Inhaltsverzeichnis |7 1 |
| 856 | 4 | 2 | |u http://www.loc.gov/catdir/enhancements/fy0649/96046222-d.html |v 2017-12-06 |x Verlag |3 Verlagsangaben |7 1 |
| 856 | 4 | 2 | |u http://scans.hebis.de/HEBCGI/show.pl?06037885_toc.pdf |m V:DE-605 |q application/pdf |3 Inhaltsverzeichnis |7 1 |
| 935 | |i Blocktest | ||
| 935 | |h HEB |i 0501 | ||
| 935 | |h HEB |i 0503 | ||
| 936 | r | v | |a MS 2800 |b Soziologische Geschlechterforschung (Lehrbücher, Überblickswerke, Allgemeines) |k Soziologie |k Spezielle Soziologien |k Soziologische Geschlechterforschung (Gender Studies) |k Soziologische Geschlechterforschung (Lehrbücher, Überblickswerke, Allgemeines) |0 (DE-627)1441334475 |0 (DE-625)rvk/123644: |0 (DE-576)371334470 |
| 936 | r | v | |a MS 3150 |b Frauenbewegung |k Soziologie |k Spezielle Soziologien |k Soziologische Geschlechterforschung (Gender Studies) |k Spezielle Forschungsgebiete der soziologischen Geschlechterforschung |k Geschlechtlich motivierte politische Bewegungen |k Frauenbewegung |0 (DE-627)144133470X |0 (DE-625)rvk/123671: |0 (DE-576)371334705 |
| 936 | r | v | |a NW 8100 |b Frauen |k Geschichte |k Wirtschafts- und Sozialgeschichte |k Spezielle Sozialgeschichte |k Einzelne Stände und Gesellschaftsgruppen |k Frauen |0 (DE-627)1270766740 |0 (DE-625)rvk/132305: |0 (DE-576)200766740 |
| 936 | b | k | |a 71.31 |j Geschlechter und ihr Verhalten |0 (DE-627)106412655 |
| 936 | b | k | |a 83.14 |j Einkommen |j Beschäftigung |j Arbeitsmarkt |0 (DE-627)106416340 |
| 936 | s | n | |a m200 |2 mzub |
| 936 | s | n | |a n100 |2 mzub |
| 951 | |a BO | ||
| ELC | |b 1 | ||
| LOK | |0 000 xxxxxcx a22 zn 4500 | ||
| LOK | |0 001 3210416710 | ||
| LOK | |0 003 DE-627 | ||
| LOK | |0 004 218813945 | ||
| LOK | |0 005 19980409000000 | ||
| LOK | |0 008 980127||||||||||||||||ger||||||| | ||
| LOK | |0 040 |a DE-21 |c DE-627 |d DE-21 | ||
| LOK | |0 852 |a DE-21 | ||
| LOK | |0 852 1 |c KB 19 A 6312 |9 00 | ||
| LOK | |0 935 |a krim | ||
| LOK | |0 936ln |a k7.3.2.3 | ||
| LOK | |0 939 |a 27-01-98 |b l01 | ||
| ORI | |a SA-MARC-krimdoka001.raw | ||
| SIG | |a UB: KB 19 A 6312 | ||
